000
00276pab a2200121 454500
008
180718b xxu||||| |||| 00| 0 eng d
100
_a
Hardwari, Lal
245
_a
When Speakers are partisan
650
_a
Speaker
650
_a
Legislatures
773
_a
Tribune
909
_a
21824
999
_c
21824
_d
21824